000 00752nam a2200229 a 4500
005 20210223131914.0
008 121024s2007 mx r 000 0 spa d
020 _a9788498263039
035 _aUPN01000188038
049 _aI
050 4 _aPQ8520.423 E5.2
_bB3.4
100 1 _aMena Gasco, Angélica,
_d1950-
_932881
245 1 3 _aUna ballena en pajas blancas /
_cAngélica Mena ; il. Eduardo Zica.
260 _aValencia, Esp. :
_bECIR,
_c2007.
300 _a[32] p. :
_eprincipalmente il. col.
440 0 _aMulticolor ;
_v15.
_pPequeños lectores de 6 a 8 años
650 4 _aLITERATURA INFANTIL URUGUAYA
_916751
650 4 _aBALLENAS -
_vCUENTOS Y LEYENDAS
_912544
700 1 _aZica, Eduardo,
_eil.
905 _aInfantil
999 _c160141
_d160141